Flags of Former Countries - Statistics

General Stats
  • This quiz has been taken 24 times
  • The average score is 10 of 24
Answer Stats
Picture Answer % Correct
Empire of Brazil
90%
Roman Empire
85%
Qing Dynasty
80%
Kingdom of France
75%
Kingdom of Hungary
75%
Mongol Empire
70%
Spanish Empire
70%
Ottoman Empire
55%
Polish-Lithuanian Commonwealth
55%
Russian Empire
50%
Sweden-Norway
45%
Inca Empire
30%
Mughal Empire
25%
Safavid Empire
25%
Argentine Confederation
20%
Kazakh Khanate
20%
Timurid Empire
20%
Abbasid Caliphate
15%
Majapahit Empire
15%
Tokugawa Shogunate
15%
Delhi Sultanate
10%
Bornu Empire
5%
Dahomey
5%
Khmer Empire
5%
No matching quizzes found
Score Distribution
Percent of People with Each Score
Percentile by Number Answered
Your Score History
You have not taken this quiz